MARC

LEADER 00000nam0a2200000 4500
001 30986
005 20231101210016.0
035 |a (RuTPU)RU\TPU\book\31262 
035 |a BOOK00031341 
090 |a 30986 
100 |a 20011209d2001 u y0engy50 ba 
101 0 |a eng 
102 |a RU 
105 |a  f 000|y 
200 1 |a Higher Mathematics  |e Textbook  |h Part 2  |f V. V Konev  |g Tomsk Polytechnic University 
210 |a Tomsk  |c TPU Press  |d 2001 
215 |a 134 p. 
610 1 |a английский язык 
610 1 |a высшая математика 
610 1 |a дифференциальное исчисление 
610 1 |a функции 
610 1 |a интегралы 
610 1 |a учебные пособия 
675 |a 51(078)  |v 3 
700 1 |a Konev  |b V. V.  |c mathematician  |c Associate Professor of Tomsk Polytechnic University, Candidate of Physics and Mathematics  |f 1951-  |g Valeriy Vasilevich  |2 stltpush  |3 (RuTPU)RU\TPU\pers\46422 
712 0 2 |a Tomsk Polytechnic University  |9 23443 
801 0 |a RU  |b 63413507  |c 20011209  |g PSBO 
801 2 |a RU  |b 63413507  |c 20200506  |g PSBO 
942 |c BK